[Event "Asian Continental Blitz op (Women) 19th"]
[Site "Delhi"]
[Date "2022.11.03"]
[Round "2"]
[White "Dauletova, Gulmira"]
[Black "Kurmangaliyeva, Liya"]
[Result "1/2-1/2"]
[WhiteElo "2260"]
[BlackElo "2233"]
[PlyCount "99"]
[EventDate "2022.11.03"]
[EventType "swiss (blitz)"]
[EventRounds "9"]
[EventCountry "IND"]
[SourceTitle "EXT 2024"]
[Source "ChessBase"]
[SourceDate "2023.10.10"]
[SourceVersion "1"]
[SourceVersionDate "2023.10.10"]
[SourceQuality "1"]

1. e4 c5 2. Nf3 Nc6 3. d4 cxd4 4. Nxd4 Nf6 5. Nc3 e6 6. Ndb5 d6 7. Bf4 e5 8. Bg5 a6 9. Na3 Be6 10. Nc4 Rb8 11. Nd5 Bxd5 12. exd5 Ne7 13. Bxf6 gxf6 14. a4 f5 15. g3 Qc7 16. Ne3 Bh6 17. c4 Bxe3 18. fxe3 Qc5 19. Qd2 a5 20. Be2 h5 21. 0-0-0 b5 22. Qxa5 Qxe3+ 23. Qd2 Qxd2+ 24. Rxd2 bxa4 25. Kc2 Kd7 26. Ra1 Rb4 27. Ra3 h4 28. Kc3 Rhb8 29. Bd1 hxg3 30. hxg3 R4b6 31. Bxa4+ Kc7 32. b3 Rg8 33. Rd3 Rg4 34. Bb5 f4 35. gxf4 Rxf4 36. Ra7+ Rb7 37. Ra8 Rg4 38. Rf8 Rg7 39. Rf3 f5 40. Kb4 Rb8 41. Rf6 e4 42. Rf1 Rh8 43. Ra1 Rb8 44. Ra6 Rb6 45. Ra7+ Rb7 46. Ra6 Rb6 47. Ra7+ Rb7 48. Ra6 Rb6 49. Rxb6 Kxb6 50. Rxd6+ 1/2-1/2

[Event "Asian Continental Blitz op (Women) 19th"]
[Site "Delhi"]
[Date "2022.11.03"]
[Round "9"]
[White "Soumya, Swaminathan"]
[Black "Dauletova, Gulmira"]
[Result "1/2-1/2"]
[WhiteElo "2326"]
[BlackElo "2260"]
[PlyCount "80"]
[EventDate "2022.11.03"]
[EventType "swiss (blitz)"]
[EventRounds "9"]
[EventCountry "IND"]
[SourceTitle "EXT 2024"]
[Source "ChessBase"]
[SourceDate "2023.10.10"]
[SourceVersion "1"]
[SourceVersionDate "2023.10.10"]
[SourceQuality "1"]

1. e4 e5 2. Nf3 Nc6 3. Bb5 a6 4. Ba4 Nf6 5. 0-0 Be7 6. d3 b5 7. Bb3 d6 8. c3 0-0 9. a4 Bb7 10. Re1 Na5 11. Ba2 c5 12. Nbd2 Re8 13. Nf1 Bf8 14. Ng3 g6 15. Bd2 c4 16. Bb1 Nb3 17. Ra2 Nxd2 18. Qxd2 Bg7 19. Qe2 Rc8 20. axb5 axb5 21. dxc4 bxc4 22. Nd2 d5 23. exd5 Qxd5 24. Nge4 Nh5 25. Ra7 f5 26. Rxb7 Qxb7 27. Nd6 Qd5 28. Nxe8 Nf4 29. Qf1 Qxd2 30. Nxg7 Kxg7 31. Rxe5 Nd3 32. Bxd3 cxd3 33. Rd5 Qxb2 34. Rxd3 Rxc3 35. Rxc3 Qxc3 36. g3 Qc5 37. h4 Qd5 38. Qa1+ Kf7 39. Qh8 h5 40. Qh7+ Kf6 1/2-1/2

[Event "Asian Continental op (Women) 19th"]
[Site "Delhi"]
[Date "2022.11.02"]
[Round "8"]
[White "Dauletova, Gulmira"]
[Black "Nguyen, Thanh Thuy Tien"]
[Result "1-0"]
[WhiteElo "2260"]
[BlackElo "1910"]
[PlyCount "91"]
[EventDate "2022.10.26"]
[EventType "swiss"]
[EventRounds "9"]
[EventCountry "IND"]
[SourceTitle "EXT 2024"]
[Source "ChessBase"]
[SourceDate "2023.10.10"]
[SourceVersion "1"]
[SourceVersionDate "2023.10.10"]
[SourceQuality "1"]

1. e4 d5 2. exd5 Qxd5 3. Nc3 Qa5 4. Bc4 Nf6 5. d3 Bg4 6. f3 Bd7 7. Nge2 e6 8. 0-0 Nc6 9. a3 Qh5 10. Nf4 Qf5 11. Ne4 0-0-0 12. c3 h5 13. d4 e5 14. Ng3 Qh7 15. Nfe2 h4 16. Nh1 Bf5 17. b4 exd4 18. Nxd4 Nxd4 19. cxd4 Qg6 20. Qb3 Nh5 21. Bxf7 Qf6 22. Be3 Bd6 23. Bxh5 Rxh5 24. Nf2 h3 25. g4 Bc2 26. Qxc2 Qxf3 27. Qe4 Qxe4 28. Nxe4 Rh4 29. Nxd6+ Rxd6 30. Rf8+ Kd7 31. Rf7+ Ke6 32. Rxg7 Kf6 33. Rg5 Re6 34. Rf1+ Ke7 35. Rf3 Re4 36. Rg3 Kf6 37. Rf5+ Kg6 38. Rf4 Re6 39. Kf2 Rc6 40. Bd2 Rc2 41. Ke2 Ra2 42. Rff3 c6 43. Rxh3 Rxg4 44. Rhg3 Kh5 45. Rxg4 Kxg4 46. Rf7 1-0

[Event "Asian Continental op (Women) 19th"]
[Site "Delhi"]
[Date "2022.10.26"]
[Round "1"]
[White "Ovezdurdiyeva, Jemal"]
[Black "Dauletova, Gulmira"]
[Result "1/2-1/2"]
[WhiteElo "2061"]
[BlackElo "2260"]
[PlyCount "143"]
[EventDate "2022.10.26"]
[EventType "swiss"]
[EventRounds "9"]
[EventCountry "IND"]
[SourceTitle "EXT 2024"]
[Source "ChessBase"]
[SourceDate "2023.10.10"]
[SourceVersion "1"]
[SourceVersionDate "2023.10.10"]
[SourceQuality "1"]

1. d4 Nf6 2. c4 e6 3. Nc3 Bb4 4. e3 0-0 5. Nge2 c6 6. Ng3 d5 7. Bd3 Nbd7 8. 0-0 Re8 9. Bd2 Bf8 10. Qb3 dxc4 11. Bxc4 Nb6 12. Be2 e5 13. dxe5 Ng4 14. Rad1 Nxe5 15. e4 Qh4 16. Be3 Be6 17. Qc2 Nbc4 18. Bc1 Rad8 19. Rxd8 Rxd8 20. Rd1 b5 21. Nf5 Rxd1+ 22. Nxd1 Qd8 23. b3 Nb6 24. Qc3 Bxf5 25. exf5 Qd6 26. Bb2 f6 27. Qd4 Qxd4 28. Bxd4 Ned7 29. Nc3 a6 30. Be3 Bb4 31. Ne4 Nd5 32. Bc1 Nc5 33. Nxc5 Bxc5 34. Bf3 Kf7 35. Kf1 Ke7 36. Bd2 Kd6 37. Ke2 Ke5 38. g4 Bd4 39. Bh1 c5 40. h4 b4 41. Bg2 Nf4+ 42. Bxf4+ Kxf4 43. f3 h5 44. gxh5 Kxf5 45. Bh3+ Kf4 46. Be6 Kg3 47. Bf7 Kxh4 48. Be8 Kg3 49. Bc6 Kf4 50. Kd3 Kg5 51. Be8 f5 52. Bf7 Kf4 53. Bd5 Kg3 54. Ke2 a5 55. Be6 f4 56. Bd7 Be3 57. Bb5 Kh4 58. Be8 Kg5 59. Kd3 Kh4 60. Ke2 Kg3 61. Bd7 Bd4 62. Bc6 Bf6 63. Bb5 Bb2 64. Bc6 Kh4 65. Be8 Bd4 66. Kd3 Be3 67. Ke2 Kg5 68. Kd3 Kh4 69. Ke2 Kg3 70. Bd7 Bd4 71. Bb5 Bf6 72. Bc6 1/2-1/2

[Event "Cheliabinsk Panchenko Memorial op-B"]
[Site "Cheliabinsk"]
[Date "2022.09.12"]
[Round "1"]
[White "Dauletova, Gulmira"]
[Black "Antonova, Nadezhda"]
[Result "1-0"]
[WhiteElo "2249"]
[BlackElo "1909"]
[PlyCount "147"]
[EventDate "2022.09.12"]
[EventType "swiss"]
[EventRounds "10"]
[EventCountry "RUS"]
[SourceTitle "CBM 210 Extra"]
[Source "ChessBase"]
[SourceDate "2022.11.30"]
[SourceVersion "1"]
[SourceVersionDate "2022.11.30"]
[SourceQuality "1"]

1. e4 c5 2. Nf3 d6 3. d4 cxd4 4. Nxd4 Nf6 5. Nc3 a6 6. g3 e5 7. Nde2 Be7 8. Bg2 0-0 9. 0-0 Be6 10. a4 Nbd7 11. Be3 Ng4 12. Bd2 Rb8 13. h3 Ngf6 14. a5 b5 15. axb6 Rxb6 16. b3 Nc5 17. Nd5 Bxd5 18. exd5 Qa8 19. Ba5 Rb7 20. b4 Ncd7 21. c4 Bd8 22. Qa4 Bxa5 23. Qxa5 Qb8 24. Rab1 Rc8 25. Rfc1 Rb6 26. g4 h6 27. Ng3 g6 28. Bf1 Qb7 29. Rb2 Rb8 30. Rcb1 Qc8 31. Qa3 Kg7 32. Be2 Qd8 33. Qc3 Qc7 34. Qd2 a5 35. b5 a4 36. Ra2 Nc5 37. Rb4 Nfe4 38. Qe3 Nxg3 39. Qxg3 R6b7 40. Bd1 Qa5 41. Qc3 Ra8 42. Ra3 Qd8 43. Qe3 Rba7 44. Bc2 Qa5 45. Rb1 Qd8 46. f4 exf4 47. Qxf4 Qf6 48. Qxf6+ Kxf6 49. Re1 Nd7 50. Kf2 Nb6 51. Re4 Rc7 52. Bd3 Rac8 53. Ke2 Ra7 54. Ke3 Rac7 55. Kd4 Ra7 56. h4 Nd7 57. Rf4+ Kg7 58. Bf1 Nb6 59. g5 hxg5 60. hxg5 Nd7 61. Bh3 Rcc7 62. Bxd7 Rxd7 63. Rf6 Kf8 64. c5 dxc5+ 65. Kxc5 Ke7 66. Rc6 Rdb7 67. Kb4 Rd7 68. Kc5 Rdb7 69. d6+ Ke6 70. Ra6 Kf5 71. R3xa4 Rxa6 72. bxa6 Ra7 73. Kb6 Ra8 74. Kb7 1-0

[Event "Aktobe Dvorkovich Rapid op"]
[Site "Aktobe"]
[Date "2022.06.21"]
[Round "4"]
[White "Dauletova, Gulmira"]
[Black "Shevchenko, Aleksandr"]
[Result "1-0"]
[WhiteElo "2220"]
[BlackElo "1549"]
[PlyCount "59"]
[EventDate "2022.06.21"]
[EventType "swiss (rapid)"]
[EventRounds "9"]
[EventCountry "KAZ"]
[SourceTitle "CBM 209 Extra"]
[Source "ChessBase"]
[SourceDate "2022.09.30"]
[SourceVersion "1"]
[SourceVersionDate "2022.09.30"]
[SourceQuality "1"]

1. e4 e5 2. Nf3 Nc6 3. Bb5 a6 4. Ba4 d6 5. c3 Bg4 6. 0-0 Qf6 7. d3 Nge7 8. h3 h5 9. Be3 b5 10. Bb3 Bxf3 11. Qxf3 Qxf3 12. gxf3 Ng6 13. a4 b4 14. a5 0-0-0 15. Bxf7 Nf4 16. Bxf4 exf4 17. Bd5 Ne5 18. Nd2 Nxd3 19. Bc4 bxc3 20. Bxa6+ Kb8 21. Bxd3 cxd2 22. Rfd1 d5 23. a6 Ka7 24. Rxd2 Bb4 25. Rc2 dxe4 26. Rxc7+ Kb6 27. Rb7+ Kc5 28. Bxe4 Rd2 29. Rc1+ Kd6 30. Rxb4 1-0

[Event "Aktobe Dvorkovich Rapid op"]
[Site "Aktobe"]
[Date "2022.06.21"]
[Round "3"]
[White "Dauletova, Gulmira"]
[Black "Sivuk, Vitaly"]
[Result "0-1"]
[WhiteElo "2220"]
[BlackElo "2555"]
[PlyCount "66"]
[EventDate "2022.06.21"]
[EventType "swiss (rapid)"]
[EventRounds "9"]
[EventCountry "KAZ"]
[SourceTitle "CBM 209 Extra"]
[Source "ChessBase"]
[SourceDate "2022.09.30"]
[SourceVersion "1"]
[SourceVersionDate "2022.09.30"]
[SourceQuality "1"]

1. e4 c5 2. Nf3 d6 3. d4 cxd4 4. Qxd4 a6 5. c4 Nc6 6. Qe3 g6 7. Be2 Bh6 8. Qc3 Qa5 9. 0-0 Qxc3 10. Nxc3 Bxc1 11. Raxc1 Bg4 12. Nd5 Rc8 13. Rfd1 Bxf3 14. Bxf3 Ne5 15. Be2 e6 16. f4 Nd7 17. Nc3 Ke7 18. b3 Ngf6 19. Bf3 Rc7 20. g4 h6 21. h4 g5 22. hxg5 hxg5 23. e5 dxe5 24. fxg5 Nh7 25. Ne4 Rg8 26. Kf2 Nxg5 27. Nxg5 Rxg5 28. Kg3 f5 29. Rh1 Nf6 30. Kh4 Rg8 31. g5 Kf8 32. gxf6 Rh7+ 33. Bh5 Rg4+ 0-1

[Event "Aktobe Dvorkovich op"]
[Site "Aktobe"]
[Date "2022.06.18"]
[Round "6"]
[White "Dauletova, Gulmira"]
[Black "Vakhidov, Jahongir"]
[Result "0-1"]
[WhiteElo "2220"]
[BlackElo "2557"]
[PlyCount "88"]
[EventDate "2022.06.14"]
[EventType "swiss"]
[EventRounds "9"]
[EventCountry "KAZ"]
[SourceTitle "CBM 208 Extra"]
[Source "ChessBase"]
[SourceDate "2022.07.31"]
[SourceVersion "1"]
[SourceVersionDate "2022.07.31"]
[SourceQuality "1"]

1. e4 c5 2. Nf3 d6 3. d4 cxd4 4. Qxd4 Nf6 5. c4 Nc6 6. Qe3 Bg4 7. Be2 g6 8. 0-0 Bg7 9. Nc3 0-0 10. Rd1 Qb6 11. Rb1 Rfc8 12. b3 Nd7 13. Nd5 Qxe3 14. Nxe3 Bxf3 15. Bxf3 Nc5 16. Bg4 e6 17. f3 Nb4 18. Rd2 Nbd3 19. Re2 h5 20. Bh3 Nf4 21. Rc2 Ncd3 22. Kf1 a5 23. a4 Nxc1 24. Rbxc1 Rc6 25. Rd2 Raa6 26. c5 Bh6 27. Kf2 Kg7 28. e5 dxc5 29. Rc3 Nd5 30. Nxd5 Bxd2 31. Rd3 Bg5 32. Nc3 Bf4 33. Rd7 Bxe5 34. Ne4 Rc7 35. Rd2 Rb6 36. Rd3 c4 37. bxc4 Rxc4 38. g3 Rxa4 39. Ke3 Rc6 40. f4 Bc7 41. Ng5 Bb6+ 42. Kf3 Rc2 43. Ne4 Rxh2 44. Bg2 Rxg2 0-1

[Event "Speed Chess (Women) Q2"]
[Site "Chess.com INT"]
[Date "2022.05.26"]
[Round "2"]
[White "Avramidou, Anastasia"]
[Black "Dauletova, Gulmira"]
[Result "1-0"]
[WhiteElo "2274"]
[BlackElo "2220"]
[PlyCount "97"]
[EventDate "2022.05.26"]
[EventType "swiss (blitz)"]
[EventRounds "14"]
[EventCountry "USA"]
[SourceTitle "CBM 208 Extra"]
[Source "ChessBase"]
[SourceDate "2022.07.31"]
[SourceVersion "1"]
[SourceVersionDate "2022.07.31"]
[SourceQuality "1"]

1. c4 e5 2. Nc3 Nf6 3. g3 d5 4. cxd5 Nxd5 5. Bg2 Nb6 6. Nf3 Nc6 7. 0-0 Be7 8. d3 0-0 9. a3 Be6 10. b4 a5 11. b5 Nd4 12. Nxe5 Bf6 13. f4 Nb3 14. Bb2 Nxa1 15. Qxa1 Nd5 16. Ne4 Be7 17. f5 Bc8 18. Ng4 f6 19. Qa2 c6 20. Nc3 Kh8 21. Nxd5 cxd5 22. Qxd5 Qxd5 23. Bxd5 Bd7 24. a4 Rac8 25. Bc4 Bc5+ 26. Kg2 h5 27. Nf2 Bxf5 28. e4 Bd7 29. Nh3 Bd6 30. Nf4 Bxf4 31. Rxf4 Kh7 32. Rh4 g6 33. Rf4 Rce8 34. Bxf6 Be6 35. e5 Bxc4 36. Rxc4 Rf7 37. b6 Rd7 38. d4 Kg8 39. Kf3 Kf7 40. Ke4 Ke6 41. Rc5 Kf7 42. d5 Rb8 43. Rc7 Rxc7 44. bxc7 Rc8 45. d6 Ke6 46. Kd4 Re8 47. Kc5 Rc8 48. Kb6 Kd7 49. Kxb7 1-0

[Event "Speed Chess (Women) Q2"]
[Site "Chess.com INT"]
[Date "2022.05.26"]
[Round "9"]
[White "Kazarian, Anna Maja"]
[Black "Dauletova, Gulmira"]
[Result "1-0"]
[WhiteElo "2135"]
[BlackElo "2220"]
[PlyCount "143"]
[EventDate "2022.05.26"]
[EventType "swiss (blitz)"]
[EventRounds "14"]
[EventCountry "USA"]
[SourceTitle "CBM 208 Extra"]
[Source "ChessBase"]
[SourceDate "2022.07.31"]
[SourceVersion "1"]
[SourceVersionDate "2022.07.31"]
[SourceQuality "1"]

1. e4 e5 2. Nf3 Nc6 3. Bb5 a6 4. Ba4 Nf6 5. d3 d6 6. 0-0 Be7 7. c3 0-0 8. h3 b5 9. Bb3 Na5 10. Bc2 c5 11. Nbd2 Bb7 12. Re1 Re8 13. Nf1 Bf8 14. g4 d5 15. Qe2 c4 16. Ng3 cxd3 17. Bxd3 Nc4 18. Bg5 dxe4 19. Bxe4 Nd6 20. Rad1 Bxe4 21. Nxe4 Re6 22. Nc5 Re8 23. Nxe5 Qc7 24. Ncd3 Nc4 25. Bf4 Nd5 26. Nxc4 Nxf4 27. Qxe8 Rxe8 28. Rxe8 Nxd3 29. Rxd3 bxc4 30. Rdd8 Qc5 31. Rc8 Qd6 32. Rxc4 g6 33. Rd4 Qc6 34. Rdd8 Qc5 35. b4 Qxc3 36. Rxf8+ Kg7 37. Rg8+ Kf6 38. Rd6+ Ke7 39. Rb6 Qc4 40. Rgb8 Qc1+ 41. Kg2 Qc2 42. R8b7+ Kf8 43. Rb8+ Kg7 44. Rxa6 Qc4 45. Rab6 Qe4+ 46. Kh2 Qe5+ 47. Kg2 Qe4+ 48. Kf1 Qf4 49. Rc8 Qe4 50. Rcc6 Qe5 51. b5 Qf4 52. a4 Qd4 53. a5 Qb4 54. a6 Qa4 55. Rb7 Qa5 56. a7 Qa4 57. Rc8 Qa1+ 58. Kg2 Qd4 59. a8Q Qe4+ 60. Kf1 Qd3+ 61. Ke1 Qe4+ 62. Kd2 Qd4+ 63. Kc2 Qe4+ 64. Kb3 Qf3+ 65. Rc3 Qd5+ 66. Kb4 Qe4+ 67. Rc4 Qb1+ 68. Kc5 Qd3 69. Qa1+ Kh6 70. g5+ Kh5 71. Qd4 Qf3 72. Qh4# 1-0

[Event "Speed Chess (Women) Q1"]
[Site "Chess.com INT"]
[Date "2022.05.25"]
[Round "3"]
[White "Aakanksha, Hagawane"]
[Black "Dauletova, Gulmira"]
[Result "1-0"]
[WhiteElo "2162"]
[BlackElo "2220"]
[PlyCount "151"]
[EventDate "2022.05.24"]
[EventType "swiss (blitz)"]
[EventRounds "14"]
[EventCountry "USA"]
[SourceTitle "CBM 208 Extra"]
[Source "ChessBase"]
[SourceDate "2022.07.31"]
[SourceVersion "1"]
[SourceVersionDate "2022.07.31"]
[SourceQuality "1"]

1. d4 Nf6 2. Nf3 d5 3. e3 e6 4. Bd3 c5 5. b3 Nc6 6. 0-0 Bd6 7. Bb2 0-0 8. Nbd2 b6 9. Qe2 Bb7 10. Ne5 Nb4 11. f4 Rc8 12. Ndf3 Nxd3 13. Qxd3 Ne4 14. c3 f6 15. Ng4 Qe8 16. Qe2 Qg6 17. Nf2 cxd4 18. Nxd4 Nxc3 19. Bxc3 Rxc3 20. Rac1 Rxc1 21. Rxc1 e5 22. f5 Qh6 23. Ne6 Re8 24. Ng4 Qh4 25. g3 Qh3 26. Qf3 e4 27. Qe2 h5 28. Nf2 Qxf5 29. Nd4 Qe5 30. Nh3 Bc5 31. Nf4 Bxd4 32. exd4 Qxd4+ 33. Kh1 h4 34. Qh5 Qe5 35. Qg6 d4 36. Nh5 e3+ 37. Kg1 Qe7 38. Nxf6+ Qxf6 39. Qxe8+ Qf8 40. Qxf8+ Kxf8 41. Rc7 Bd5 42. Rd7 e2 43. Kf2 Be6 44. Rxd4 hxg3+ 45. hxg3 Ke7 46. Kxe2 Kf6 47. Ke3 Ke5 48. Re4+ Kf6 49. Ra4 Bf5 50. Rxa7 g5 51. Rb7 Be6 52. Rxb6 Ke5 53. a4 Bd5 54. Rb5 Kd6 55. Rxd5+ Kxd5 56. a5 Kc5 57. Ke4 Kb5 58. b4 Ka6 59. Kf5 Kb5 60. Kxg5 Ka6 61. Kf6 Kb5 62. g4 Ka6 63. g5 Kb5 64. g6 Ka6 65. g7 Kb5 66. g8Q Ka6 67. Qe6+ Kb5 68. Qb6+ Ka4 69. a6 Kb3 70. a7 Kb2 71. a8Q Kb1 72. Qc5 Kb2 73. b5 Kb1 74. b6 Kb2 75. b7 Kb1 76. b8Q# 1-0

[Event "Motiva Online Blitz (Women)"]
[Site "Chess.com INT"]
[Date "2021.12.18"]
[Round "4"]
[White "Bivol, Alina"]
[Black "Dauletova, Gulmira"]
[Result "1-0"]
[WhiteElo "2368"]
[BlackElo "2268"]
[PlyCount "61"]
[EventDate "2021.12.18"]
[EventType "swiss (blitz)"]
[EventRounds "13"]
[EventCountry "USA"]
[SourceTitle "CBM 205 Extra"]
[Source "ChessBase"]
[SourceDate "2022.01.31"]
[SourceVersion "1"]
[SourceVersionDate "2022.01.31"]
[SourceQuality "1"]

1. e4 e5 2. f4 d5 3. exd5 exf4 4. Nf3 Nf6 5. d4 Nxd5 6. c4 Bb4+ 7. Kf2 Ne3 8. Bxe3 fxe3+ 9. Kxe3 0-0 10. Kf2 Qf6 11. Nc3 Bxc3 12. bxc3 c5 13. Bd3 cxd4 14. cxd4 Nc6 15. d5 Ne5 16. Re1 Nxd3+ 17. Qxd3 Bf5 18. Qd4 Qh6 19. Kg1 b6 20. a4 Rac8 21. a5 Rc5 22. axb6 axb6 23. Ne5 Rfc8 24. Ra7 Bg6 25. d6 Qg5 26. Nd7 h6 27. Nxc5 bxc5 28. Qe5 Qxe5 29. Rxe5 Rd8 30. d7 Bd3 31. Re8+ 1-0

[Event "Motiva Online Blitz (Women)"]
[Site "Chess.com INT"]
[Date "2021.12.18"]
[Round "10"]
[White "Dauletova, Gulmira"]
[Black "Hoang, Thi Bao Tram"]
[Result "0-1"]
[WhiteElo "2268"]
[BlackElo "2269"]
[PlyCount "42"]
[EventDate "2021.12.18"]
[EventType "swiss (blitz)"]
[EventRounds "13"]
[EventCountry "USA"]
[SourceTitle "CBM 205 Extra"]
[Source "ChessBase"]
[SourceDate "2022.01.31"]
[SourceVersion "1"]
[SourceVersionDate "2022.01.31"]
[SourceQuality "1"]

1. d4 d5 2. Bf4 c5 3. e3 cxd4 4. exd4 Nc6 5. Nf3 Bg4 6. c3 e6 7. Nbd2 Bd6 8. Bxd6 Qxd6 9. Qb3 Rb8 10. a4 Nf6 11. a5 0-0 12. h3 Bh5 13. Be2 Ne4 14. Bb5 e5 15. Nxe4 dxe4 16. Nxe5 Nxe5 17. dxe5 Qxe5 18. 0-0 Rfd8 19. Rfe1 Rd2 20. Ra4 Qf6 21. Rf1 Bd1 0-1

[Event "Motiva Online Blitz (Women)"]
[Site "Chess.com INT"]
[Date "2021.12.18"]
[Round "8"]
[White "Dauletova, Gulmira"]
[Black "Sahin, Handenur"]
[Result "1-0"]
[WhiteElo "2268"]
[BlackElo "1997"]
[PlyCount "103"]
[EventDate "2021.12.18"]
[EventType "swiss (blitz)"]
[EventRounds "13"]
[EventCountry "USA"]
[SourceTitle "CBM 205 Extra"]
[Source "ChessBase"]
[SourceDate "2022.01.31"]
[SourceVersion "1"]
[SourceVersionDate "2022.01.31"]
[SourceQuality "1"]

1. d4 d5 2. Bf4 Nf6 3. e3 e6 4. Nf3 Bd6 5. Bg3 0-0 6. Nbd2 Qe7 7. Bd3 c5 8. dxc5 Bxc5 9. a3 Nc6 10. c4 Rd8 11. b4 dxc4 12. Nxc4 Bb6 13. 0-0 Bc7 14. b5 Bxg3 15. hxg3 e5 16. bxc6 e4 17. Nd4 exd3 18. Qxd3 Bg4 19. cxb7 Qxb7 20. Rab1 Qa6 21. Rfc1 Bh5 22. Ne5 Qd6 23. Qb5 Rab8 24. Qa5 Rxb1 25. Rxb1 h6 26. Nec6 Rc8 27. Qxa7 Rxc6 28. Qa8+ Kh7 29. Qxc6 Qxa3 30. Qc4 Bg6 31. Rc1 Qb2 32. Qc3 Qb7 33. f3 Nd5 34. Qd2 Qb3 35. e4 Nb4 36. Nf5 Nd3 37. Rd1 Ne5 38. Qd4 Bxf5 39. exf5 Nc4 40. Qd3 Qb5 41. Qd4 Qb4 42. Rc1 Qb3 43. Qxc4 Qb2 44. Qc2 Qf6 45. Qe4 Qb6+ 46. Kh1 Qf2 47. Re1 Qxg3 48. Kg1 h5 49. f6+ g6 50. Qe5 h4 51. Qxg3 hxg3 52. Re4 1-0

[Event "WchT (Women) Pool-B"]
[Site "Sitges"]
[Date "2021.09.28"]
[Round "4.3"]
[White "Dauletova, Gulmira"]
[Black "Buksa, Nataliya"]
[Result "0-1"]
[WhiteElo "2257"]
[BlackElo "2417"]
[PlyCount "112"]
[EventDate "2021.09.27"]
[EventType "team-tourn (rapid)"]
[EventRounds "5"]
[EventCountry "ESP"]
[SourceTitle "CBM 204 Extra"]
[Source "ChessBase"]
[SourceDate "2021.11.30"]
[SourceVersion "1"]
[SourceVersionDate "2021.11.30"]
[SourceQuality "1"]
[WhiteTeam "Kazakhstan (W)"]
[BlackTeam "Ukraine (W)"]
[WhiteTeamCountry "KAZ"]
[BlackTeamCountry "UKR"]

1. e4 c5 2. Nf3 Nc6 3. d4 cxd4 4. Nxd4 Nf6 5. Nc3 e5 6. Ndb5 d6 7. Bg5 a6 8. Na3 b5 9. Nd5 Be7 10. Bxf6 Bxf6 11. c4 b4 12. Nc2 0-0 13. g3 a5 14. Bg2 g6 15. 0-0 Bg7 16. Qd3 Be6 17. a3 Qb8 18. b3 bxa3 19. Rxa3 Bxd5 20. Qxd5 Qb6 21. Rd1 Rab8 22. Bh3 Rfd8 23. Rd3 Bh6 24. Rf3 Rb7 25. Ra1 Kg7 26. Bf1 Kg8 27. h4 Bf8 28. h5 Qc5 29. hxg6 hxg6 30. Rf6 Qxd5 31. cxd5 Nb8 32. Rf3 Nd7 33. Rxa5 Nc5 34. Rb5 Rxb5 35. Bxb5 Rb8 36. Bc4 Nxe4 37. Na3 Bh6 38. Nb5 Bd2 39. Rd3 Bb4 40. Kg2 Ra8 41. Re3 f5 42. Re2 Ra1 43. Nc7 Kf7 44. Na6 Bc3 45. Rc2 Bd4 46. b4 g5 47. Bd3 Nxf2 48. Rxf2 Bxf2 49. Kxf2 e4 50. Be2 Rb1 51. b5 f4 52. gxf4 gxf4 53. Nb8 Rb2 54. Kf1 f3 55. Bd1 Rb1 56. Ke1 e3 0-1

[Event "WchT (Women) Pool-B"]
[Site "Sitges"]
[Date "2021.09.28"]
[Round "3.2"]
[White "Perez Rodriguez, Jennifer"]
[Black "Dauletova, Gulmira"]
[Result "0-1"]
[WhiteElo "2251"]
[BlackElo "2257"]
[PlyCount "84"]
[EventDate "2021.09.27"]
[EventType "team-tourn (rapid)"]
[EventRounds "5"]
[EventCountry "ESP"]
[SourceTitle "CBM 204 Extra"]
[Source "ChessBase"]
[SourceDate "2021.11.30"]
[SourceVersion "1"]
[SourceVersionDate "2021.11.30"]
[SourceQuality "1"]
[WhiteTeam "FIDE Americas (W)"]
[BlackTeam "Kazakhstan (W)"]
[BlackTeamCountry "KAZ"]

1. e4 c5 2. Nf3 e6 3. c3 Nf6 4. e5 Nd5 5. d4 cxd4 6. cxd4 d6 7. a3 Bd7 8. Bd3 Bc6 9. 0-0 Nd7 10. b4 a6 11. Bb2 Nf4 12. Re1 Nb6 13. Bf1 Be7 14. Nc3 0-0 15. Bc1 Nfd5 16. Nxd5 Bxd5 17. Be3 Rc8 18. Rc1 Rxc1 19. Qxc1 Qd7 20. Bf4 Rc8 21. Qe3 Nc4 22. Bxc4 Rxc4 23. Nd2 Rc2 24. Ne4 dxe5 25. dxe5 Qc6 26. f3 Bd8 27. Qd3 Bb6+ 28. Be3 Bxe4 29. fxe4 Rc3 30. Qd2 Rxa3 31. Bxb6 Qxb6+ 32. Kh1 h6 33. Rf1 Qc7 34. Qd4 Rc3 35. h3 Rc4 36. Qd6 Qc8 37. Qe7 Rc7 38. Qd6 Rd7 39. Qb6 Qc4 40. Re1 Qc3 41. Re3 Qxe5 42. Re2 Rd1+ 0-1

[Event "WchT (Women) Pool-B"]
[Site "Sitges"]
[Date "2021.09.27"]
[Round "2.2"]
[White "Dauletova, Gulmira"]
[Black "Javakhishvili, Lela"]
[Result "0-1"]
[WhiteElo "2257"]
[BlackElo "2465"]
[PlyCount "80"]
[EventDate "2021.09.27"]
[EventType "team-tourn (rapid)"]
[EventRounds "5"]
[EventCountry "ESP"]
[SourceTitle "CBM 204 Extra"]
[Source "ChessBase"]
[SourceDate "2021.11.30"]
[SourceVersion "1"]
[SourceVersionDate "2021.11.30"]
[SourceQuality "1"]
[WhiteTeam "Kazakhstan (W)"]
[BlackTeam "Georgia (W)"]
[WhiteTeamCountry "KAZ"]
[BlackTeamCountry "GEO"]

1. e4 e5 2. Nf3 Nc6 3. Bb5 Nf6 4. d3 Bc5 5. c3 d5 6. Qe2 0-0 7. 0-0 dxe4 8. dxe4 Qe7 9. Nbd2 Nd8 10. b4 Bd6 11. Nc4 a6 12. Nxd6 cxd6 13. Ba4 Bd7 14. Bxd7 Nxd7 15. Be3 Rc8 16. c4 Nf6 17. Qd3 Ne6 18. Rac1 Ng4 19. Rfd1 Nxe3 20. Qxe3 Rc6 21. Rc3 Rfc8 22. Rdc1 Qc7 23. g3 h6 24. a3 b5 25. Nd2 Nd4 26. Kg2 Qb7 27. h4 R8c7 28. f4 bxc4 29. Rxc4 Qb5 30. Rxc6 Rxc6 31. Rxc6 Qxc6 32. fxe5 dxe5 33. Nf3 Qc2+ 34. Kh3 Qc4 35. Nd2 Qc1 36. Qd3 Qh1+ 37. Kg4 g6 38. Qf1 h5+ 39. Kg5 Qxf1 40. Nxf1 Kg7 0-1

[Event "Europe Echecs Blitz Sept op"]
[Site "Europe Echecs INT"]
[Date "2021.09.19"]
[Round "7"]
[White "Dauletova, Gulmira"]
[Black "Mammadova, Gulnar Marfat Qizi"]
[Result "1-0"]
[WhiteElo "2257"]
[BlackElo "2395"]
[PlyCount "81"]
[EventDate "2021.09.19"]
[EventType "swiss (blitz)"]
[EventRounds "11"]
[EventCountry "FRA"]
[SourceTitle "CBM 204 Extra"]
[Source "ChessBase"]
[SourceDate "2021.11.30"]
[SourceVersion "1"]
[SourceVersionDate "2021.11.30"]
[SourceQuality "1"]

1. e4 e6 2. d4 d5 3. Nd2 a6 4. Bd3 c5 5. dxc5 Bxc5 6. Ngf3 Nc6 7. 0-0 Nge7 8. Qe2 Nb4 9. Nb3 Ba7 10. e5 Nxd3 11. cxd3 d4 12. Bd2 Nc6 13. Qe4 Qd5 14. Qf4 h6 15. h4 Bd7 16. Rac1 Rc8 17. Rc4 b5 18. Rcc1 Bb8 19. Rc5 Ne7 20. Rxd5 Nxd5 21. Qg4 g6 22. Nbxd4 Ba7 23. Rc1 Rxc1+ 24. Bxc1 h5 25. Qg5 Bc5 26. a3 b4 27. Nb3 Be7 28. Qg3 Ba4 29. Nbd4 Kd7 30. axb4 Rc8 31. Bd2 Bd1 32. Ng5 Ke8 33. Ngxe6 fxe6 34. Qxg6+ Kd8 35. Qxe6 Nxb4 36. Bxb4 Bxb4 37. Nc6+ Rxc6 38. Qxc6 a5 39. e6 Ke7 40. Qd7+ Kf6 41. Qf7+ 1-0